Louis Tomlinson - Statistics

General Stats
  • This quiz has been taken 559 times
    556 since last reset
  • The average score is 10 of 14
Answer Stats
question Answer % Correct
louis has a keen interest in girls who like Carrots
97%
eye colour blue
93%
louis' pidgeon kevin
93%
what band is he in one direction
92%
how old was he at this time 18
91%
when did louis audition for the x factor 2010
89%
what year did the band go on hiatus 2015
89%
favourite colour red
84%
'yes that's right kevin, ____ is a lovely guy' zayn
74%
what song did he sing hey there delilah
57%
'i come running to you like a moth into a flame' defenceless
49%
what music video did louis break the car he was driving live while we're young
40%
'since then i've received lots of ______ and now i have a keen interest in girls who drive _________ lamborghinis
38%
louis wears _______ stripes
27%
No matching quizzes found
Score Distribution
Percent of People with Each Score
Percentile by Number Answered
Your Score History
You have not taken this quiz since the last reset